=LDR 00000nam 2200000 4500 =001 INLIS000000000056432 =005 20200908010407 =035 ##$$a 0010-0920000063 =008 200908################g##########0#ind## =040 ##$$a NBPDMAT =082 ##$$a 301.076 =090 ##$$a 301. 76 Sos =245 ##$$a Sosiologi untuk SMA kelas XI /$c I Wayan Mustika Utama, I wayan Badrika, I Wayan Sumendra, Mulyono =260 ##$$a Jakarta :$b Dian Rakyat,$c 2012 =300 ##$$a x, 214 hlm. : $b ilus. ; $c 14x24 cm =650 #4$$a Sosiologi- Studi dan Pengajaran =700 1#$$a Utama, I Wayan Mustika =850 ##$$a NBPDMAT =084 ##$$a 301.076 SOS s =504 ##$$a Bibliografi : hlm. 209 -212 =504 ##$$a Indeks : hlm.213 - 214 =990 ##$$a 21414681 =990 ##$$a 21414679 =990 ##$$a 34413441